[Event "Llinars del Valles op-A 8th"]
[Site "Llinars del Valles"]
[Date "2014.06.21"]
[Round "8"]
[White "Chamorro Perea, Antoni"]
[Black "Gutierrez Sanchez, Daniel"]
[Result "0-1"]
[WhiteElo "1987"]
[BlackElo "1945"]
[PlyCount "60"]
[EventDate "2014.04.26"]
[EventType "swiss"]
[EventRounds "8"]
[EventCountry "ESP"]
[SourceTitle "EXT 2018"]
[Source "ChessBase"]
[SourceDate "2017.10.13"]
[SourceVersion "1"]
[SourceVersionDate "2017.10.13"]
[SourceQuality "1"]

1. e4 c5 2. Nf3 e6 3. d4 cxd4 4. Nxd4 Nf6 5. Nc3 d6 6. Be3 Be7 7. f3 a6 8. Qd2 Qc7 9. 0-0-0 b5 10. g4 Nfd7 11. h4 Nb6 12. a3 N8d7 13. f4 Bb7 14. f5 e5 15. Nf3 Nc5 16. Bxc5 dxc5 17. Qh2 Bd6 18. Bh3 b4 19. axb4 cxb4 20. Nd5 Nxd5 21. exd5 b3 22. Qe2 Rc8 23. Rh2 Qa5 24. Nd4 Bxd5 25. Bg2 bxc2 26. Nxc2 Qa1+ 27. Kd2 Qxb2 28. Rc1 Bb4+ 29. Kd1 Bxg2 30. Rxg2 Rd8+ 0-1

[Event "Llinars del Valles op-A 8th"]
[Site "Llinars del Valles"]
[Date "2014.06.14"]
[Round "7"]
[White "Gutierrez Sanchez, Daniel"]
[Black "Jimenez Ruano, Adrian"]
[Result "0-1"]
[WhiteElo "1945"]
[BlackElo "1851"]
[PlyCount "74"]
[EventDate "2014.04.26"]
[EventType "swiss"]
[EventRounds "8"]
[EventCountry "ESP"]
[SourceTitle "EXT 2015"]
[Source "ChessBase"]
[SourceDate "2014.11.20"]
[SourceVersion "1"]
[SourceVersionDate "2014.11.20"]
[SourceQuality "1"]

1. e4 c5 2. Nf3 d6 3. d4 cxd4 4. Nxd4 Nf6 5. Nc3 a6 6. Be2 e5 7. Nb3 Be7 8. 0-0 0-0 9. Be3 Qc7 10. Qd3 b5 11. Nd5 Nxd5 12. exd5 f5 13. f4 exf4 14. Bxf4 Bf6 15. c3 Nd7 16. Nd4 Nc5 17. Qd1 Re8 18. Kh1 g5 19. Bc1 f4 20. Bh5 Re7 21. Nc6 Rg7 22. Re1 Bf5 23. Nd4 Nd3 24. Qe2 Re7 25. Ne6 Qb6 26. Rf1 Qb7 27. Bf3 Ne5 28. Rd1 g4 29. Be4 f3 30. gxf3 gxf3 31. Bxf3 Bxe6 32. Rg1+ Kh8 33. Be4 Bxd5 34. Bxd5 Qxd5+ 35. Rg2 Nd3 36. Be3 Nf4 37. Bd4 Bxd4 0-1

[Event "Llinars del Valles op-A 8th"]
[Site "Llinars del Valles"]
[Date "2014.05.31"]
[Round "5"]
[White "Gutierrez Sanchez, Daniel"]
[Black "Salagran Ferragut, Guillem"]
[Result "1/2-1/2"]
[WhiteElo "1945"]
[BlackElo "2034"]
[PlyCount "63"]
[EventDate "2014.04.26"]
[EventType "swiss"]
[EventRounds "8"]
[EventCountry "ESP"]
[SourceTitle "EXT 2015"]
[Source "ChessBase"]
[SourceDate "2014.11.20"]
[SourceVersion "1"]
[SourceVersionDate "2014.11.20"]
[SourceQuality "1"]

1. Nf3 c5 2. g3 b5 3. Bg2 Bb7 4. 0-0 Nf6 5. c3 e6 6. d4 cxd4 7. cxd4 Be7 8. Nbd2 0-0 9. Re1 d5 10. Ne5 Nbd7 11. Ndf3 Nxe5 12. Nxe5 Nd7 13. Qb3 Nxe5 14. dxe5 Qb6 15. e3 a5 16. Qd1 Qc7 17. f4 Rfd8 18. Qe2 b4 19. b3 Ba6 20. Qf2 Rac8 21. Bb2 Bd3 22. Rac1 Qb7 23. Red1 Rxc1 24. Rxc1 Rc8 25. Qd2 Rxc1+ 26. Qxc1 Bd8 27. Qd2 Bf5 28. Bf3 Qc6 29. Bd1 Bb6 30. g4 Be4 31. Kf2 h6 32. h4 1/2-1/2

[Event "Llinars del Valles op-A 8th"]
[Site "Llinars del Valles"]
[Date "2014.05.03"]
[Round "2"]
[White "Ferres Saez, Joan"]
[Black "Gutierrez Sanchez, Daniel"]
[Result "0-1"]
[WhiteElo "1783"]
[BlackElo "1945"]
[PlyCount "72"]
[EventDate "2014.04.26"]
[EventType "swiss"]
[EventRounds "8"]
[EventCountry "ESP"]
[SourceTitle "EXT 2015"]
[Source "ChessBase"]
[SourceDate "2014.11.20"]
[SourceVersion "1"]
[SourceVersionDate "2014.11.20"]
[SourceQuality "1"]

1. e4 c5 2. Nc3 g6 3. f4 Bg7 4. Nf3 Nc6 5. Bb5 Nd4 6. 0-0 a6 7. Bc4 b5 8. Bd5 Rb8 9. d3 e6 10. Bb3 Ne7 11. Nxd4 cxd4 12. Ne2 d5 13. e5 Qb6 14. Qe1 0-0 15. g4 f6 16. exf6 Bxf6 17. Qg3 Bg7 18. Bd2 a5 19. a4 b4 20. Rae1 Qd8 21. f5 e5 22. Bg5 gxf5 23. Bxe7 Qxe7 24. gxf5 Bxf5 25. Bxd5+ Kh8 26. Kh1 Qd7 27. Rg1 Qxd5+ 28. Rg2 Bg6 29. h4 Qf3 30. Qg5 Qh3+ 31. Kg1 Rf5 32. Qe7 Rbf8 33. h5 Qe3+ 34. Kh1 Rxh5+ 35. Rh2 Rxh2+ 36. Kxh2 Qf2+ 0-1

[Event "Catalunya-ch U18 qual"]
[Site "Catalunya"]
[Date "2014.02.01"]
[Round "2.2"]
[White "Gutierrez Sanchez, Daniel"]
[Black "Arnijas Fabregas, Marc"]
[Result "0-1"]
[WhiteElo "2130"]
[BlackElo "2122"]
[PlyCount "58"]
[EventDate "2014.01.25"]
[EventType "swiss"]
[EventRounds "5"]
[EventCountry "ESP"]
[SourceTitle "EXT 2024"]
[Source "ChessBase"]
[SourceDate "2023.10.10"]
[SourceVersion "1"]
[SourceVersionDate "2023.10.10"]
[SourceQuality "1"]

1. e4 c6 2. d4 d5 3. exd5 cxd5 4. c4 Nf6 5. Nc3 Nc6 6. Nf3 g6 7. Bg5 dxc4 8. Bxc4 Bg7 9. 0-0 0-0 10. h3 h6 11. Be3 Na5 12. Bd3 Be6 13. Ne5 Rc8 14. Qe2 Nc6 15. Rfd1 Nd5 16. Rac1 Nxe3 17. fxe3 Nxe5 18. dxe5 Qa5 19. Be4 b6 20. Qf3 Qxe5 21. Rf1 b5 22. Nd5 Rxc1 23. Nxe7+ Kh8 24. Rxc1 Bxa2 25. Nd5 f5 26. Nf4 fxe4 27. Qg4 Qf5 28. Qg3 g5 29. Nh5 Be5 0-1

[Event "Llinars del Valles op-A 7th"]
[Site "Llinars del Valles"]
[Date "2013.05.25"]
[Round "6"]
[White "Gutierrez Sanchez, Daniel"]
[Black "Luna Cortes, Luis"]
[Result "0-1"]
[WhiteElo "1848"]
[BlackElo "2144"]
[PlyCount "116"]
[EventDate "2013.04.13"]
[EventType "swiss"]
[EventRounds "7"]
[EventCountry "ESP"]
[SourceTitle "EXT 2014"]
[Source "ChessBase"]
[SourceDate "2013.11.20"]
[SourceVersion "1"]
[SourceVersionDate "2013.11.20"]
[SourceQuality "1"]

1. e4 c5 2. Nc3 e6 3. d3 d5 4. Qe2 d4 5. Nb1 Nf6 6. Nf3 Be7 7. g3 b5 8. Bg2 Bb7 9. 0-0 0-0 10. Nbd2 Nc6 11. Nh4 Nd7 12. Nhf3 Nb4 13. Nb3 a5 14. c3 dxc3 15. bxc3 Nc6 16. Bf4 a4 17. Nbd2 Qa5 18. Rac1 e5 19. Be3 Ba6 20. Rfd1 Rfd8 21. Ng5 h6 22. Ngf3 Rac8 23. Nh4 Bxh4 24. gxh4 Ne7 25. Qf3 Nf8 26. Kh1 Rxd3 27. Rg1 Rc6 28. h5 Ne6 29. Qg4 Kf8 30. Nf3 Qc7 31. Bf1 Rd8 32. Nh4 f6 33. Qf3 Kf7 34. Bh3 Bc8 35. Qg3 Rg8 36. Nf5 Nxf5 37. Bxf5 Nf4 38. Bg6+ Ke7 39. Rce1 Kf8 40. Qh4 Be6 41. Rd1 Bxa2 42. Bxf4 exf4 43. e5 Re6 44. Rge1 Rxe5 45. Qxf4 Ke7 46. Bf5 Bd5+ 47. Kg1 Rd8 48. Re3 Kf8 49. Rxe5 Qxe5 50. Qxe5 fxe5 51. Be4 Bxe4 52. Rxd8+ Ke7 53. Rb8 Bc6 54. c4 b4 55. Kf1 a3 56. Rb6 Kd7 57. Ra6 Kc7 58. Ra7+ Kb6 0-1

[Event "Llinars del Valles op-A 7th"]
[Site "Llinars del Valles"]
[Date "2013.04.27"]
[Round "3"]
[White "Molano Lafuente, Ismael"]
[Black "Gutierrez Sanchez, Daniel"]
[Result "1-0"]
[WhiteElo "1994"]
[BlackElo "1848"]
[PlyCount "56"]
[EventDate "2013.04.13"]
[EventType "swiss"]
[EventRounds "7"]
[EventCountry "ESP"]
[SourceTitle "EXT 2014"]
[Source "ChessBase"]
[SourceDate "2013.11.20"]
[SourceVersion "1"]
[SourceVersionDate "2013.11.20"]
[SourceQuality "1"]

1. f4 e5 2. fxe5 d6 3. exd6 Bxd6 4. Nf3 Nf6 5. d4 0-0 6. e4 Nxe4 7. Bd3 Re8 8. 0-0 Nc6 9. c3 h6 10. Nbd2 Nf6 11. Qc2 Kh8 12. Nc4 Bg4 13. Bd2 a6 14. Qc1 Bxf3 15. Rxf3 Ng4 16. Nxd6 Qxd6 17. Bf4 Qd7 18. h3 Nxd4 19. cxd4 Qxd4+ 20. Kh1 Nf2+ 21. Rxf2 Qxf2 22. Qxc7 Rac8 23. Qxf7 Qxb2 24. Rb1 Qf6 25. Qxf6 gxf6 26. Rxb7 Rc6 27. Bxh6 Re1+ 28. Kh2 Rd1 1-0

[Event "Llinars del Valles op-A 6th"]
[Site "Llinars del Valles"]
[Date "2012.04.21"]
[Round "2"]
[White "Lopez Diaz, Daniel"]
[Black "Gutierrez Sanchez, Daniel"]
[Result "1-0"]
[WhiteElo "1951"]
[BlackElo "1827"]
[PlyCount "111"]
[EventDate "2012.04.14"]
[EventType "swiss"]
[EventRounds "9"]
[EventCountry "ESP"]
[SourceTitle "EXT 2013"]
[Source "ChessBase"]
[SourceDate "2012.11.22"]
[SourceVersion "1"]
[SourceVersionDate "2012.11.22"]
[SourceQuality "1"]

1. e4 c5 2. Nf3 d6 3. Nc3 Nc6 4. Bb5 a6 5. Bxc6+ bxc6 6. 0-0 e5 7. d3 Bg4 8. h3 Bh5 9. Ne2 Bxf3 10. gxf3 f5 11. f4 Qh4 12. Kg2 g5 13. Ng3 gxf4 14. Nxf5 Qf6 15. c3 d5 16. Qg4 h5 17. Qh4 dxe4 18. Qxf6 Nxf6 19. dxe4 Rg8+ 20. Kf3 Rd8 21. Bxf4 exf4 22. Rad1 Be7 23. Kxf4 Nd7 24. Rg1 Rxg1 25. Rxg1 Bf6 26. Ng7+ Ke7 27. Nxh5 Be5+ 28. Ke3 Rh8 29. Rg5 Bf6 30. Rf5 Bh4 31. Nf4 Rg8 32. Rh5 Bf6 33. Nd3 c4 34. Nb4 Kd6 35. f4 a5 36. e5+ Nxe5 37. fxe5+ Bxe5 38. Rh6+ Kd7 39. Nxc6 Rg3+ 40. Ke4 Bg7 41. Ne5+ Kc7 42. Rh7 Kb6 43. Nxc4+ Kb5 44. Nd6+ Kc5 45. Nf5 Rg2 46. Rxg7 Rxb2 47. Kd3 Rxa2 48. Nd4 a4 49. Nc2 Rb2 50. Ra7 Rb8 51. Rxa4 Rh8 52. h4 Rg8 53. Ra5+ Kd6 54. Rg5 Rf8 55. h5 Rf4 56. Ne3 1-0

[Event "Valles Oriental-ch prel"]
[Site "Llinars"]
[Date "2012.02.25"]
[Round "5.1"]
[White "Gutierrez Sanchez, Daniel"]
[Black "Llopart, Oriol"]
[Result "1-0"]
[WhiteElo "2043"]
[BlackElo "1789"]
[PlyCount "57"]
[EventDate "2012.01.14"]
[EventType "swiss"]
[EventRounds "5"]
[EventCountry "ESP"]
[SourceTitle "EXT 2024"]
[Source "ChessBase"]
[SourceDate "2023.10.10"]
[SourceVersion "1"]
[SourceVersionDate "2023.10.10"]
[SourceQuality "1"]

1. e4 e6 2. d4 d5 3. Nd2 Nf6 4. e5 Nfd7 5. Ngf3 c5 6. c3 Qb6 7. Bd3 Nc6 8. 0-0 cxd4 9. cxd4 Nxd4 10. Nxd4 Qxd4 11. Nf3 Qb6 12. Qa4 a6 13. a3 g6 14. Be3 Qc7 15. Rac1 Qb8 16. Bb6 Bg7 17. Bc7 Qa7 18. Bd6 Bf8 19. Qh4 Qb6 20. Bc7 Be7 21. Qh6 Qxb2 22. Qg7 Rf8 23. Qxh7 Qxa3 24. Bb1 b5 25. Nd4 Bb7 26. Nxe6 Nxe5 27. Bxe5 fxe6 28. Qxg6+ Kd8 29. Qxe6 1-0

[Event "Valles Oriental-ch prel"]
[Site "Llinars"]
[Date "2012.02.04"]
[Round "3.1"]
[White "Gutierrez Sanchez, Daniel"]
[Black "Arnijas Fabregas, Marc"]
[Result "1-0"]
[WhiteElo "2043"]
[BlackElo "2059"]
[PlyCount "102"]
[EventDate "2012.01.14"]
[EventType "swiss"]
[EventRounds "5"]
[EventCountry "ESP"]
[SourceTitle "EXT 2024"]
[Source "ChessBase"]
[SourceDate "2023.10.10"]
[SourceVersion "1"]
[SourceVersionDate "2023.10.10"]
[SourceQuality "1"]

1. e4 e6 2. d3 d5 3. Qe2 dxe4 4. dxe4 Nc6 5. c3 e5 6. Qc2 Nf6 7. Nf3 Bd6 8. Be2 0-0 9. 0-0 Qe7 10. Nbd2 a6 11. a4 Bg4 12. h3 Bh5 13. b4 Nd8 14. Nc4 Bg6 15. Bd3 Rc8 16. Nh4 Ne6 17. Nxg6 hxg6 18. Be2 b5 19. axb5 axb5 20. Nxd6 cxd6 21. Qd3 Rfd8 22. Bf3 Qc7 23. Bd2 Qc4 24. Qxc4 Rxc4 25. Rfe1 Nh5 26. g3 Nf6 27. Be2 Rxe4 28. f3 Rc4 29. Bxc4 bxc4 30. Kf2 Nd7 31. f4 f5 32. Ra6 Nf6 33. fxe5 dxe5 34. Bc1 Kf7 35. Ra7+ Rd7 36. Rxd7+ Nxd7 37. h4 Kf6 38. Rd1 Ke7 39. Bg5+ Nxg5 40. hxg5 Ke6 41. Ke3 Nb6 42. Rd8 Nd5+ 43. Kd2 f4 44. gxf4 exf4 45. b5 Ke5 46. Rf8 Ke4 47. Rf7 f3 48. Rf8 Nf4 49. b6 f2 50. Rxf4+ Kxf4 51. Ke2 Ke5 1-0

[Event "Cerdanyola del Valles op-A 29th"]
[Site "Cerdanyola del Valles"]
[Date "2011.10.22"]
[Round "4"]
[White "Gutierrez Sanchez, Daniel"]
[Black "Flores Linan, Josep Luis"]
[Result "0-1"]
[WhiteElo "1786"]
[BlackElo "1926"]
[PlyCount "62"]
[EventDate "2011.10.01"]
[EventType "swiss"]
[EventRounds "8"]
[EventCountry "ESP"]
[SourceTitle "EXT 2013"]
[Source "ChessBase"]
[SourceDate "2012.11.22"]
[SourceVersion "1"]
[SourceVersionDate "2012.11.22"]
[SourceQuality "1"]

1. e4 c5 2. d4 cxd4 3. c3 g6 4. Nf3 Bg7 5. cxd4 d5 6. e5 Nh6 7. h3 0-0 8. Nc3 Nc6 9. Bf4 e6 10. g4 f6 11. exf6 Qxf6 12. Bxh6 Bxh6 13. Be2 Bg7 14. 0-0 Nxd4 15. Nxd4 Qxd4 16. Qxd4 Bxd4 17. Nb5 Bxb2 18. Rab1 Be5 19. Rfe1 a6 20. Na3 Bd4 21. Rf1 b5 22. Nc2 Bc5 23. a3 Ra7 24. Rb3 Raf7 25. Ne3 Bb7 26. Rc3 Bb6 27. Nd1 d4 28. Rb3 Bd5 29. Rb1 Be4 30. Rb3 Bc2 31. Rb2 d3 0-1

[Event "Cerdanyola del Valles op-A 29th"]
[Site "Cerdanyola del Valles"]
[Date "2011.10.15"]
[Round "3"]
[White "Martinez Arca, Manuel"]
[Black "Gutierrez Sanchez, Daniel"]
[Result "0-1"]
[WhiteElo "1884"]
[BlackElo "1786"]
[PlyCount "113"]
[EventDate "2011.10.01"]
[EventType "swiss"]
[EventRounds "8"]
[EventCountry "ESP"]
[SourceTitle "EXT 2013"]
[Source "ChessBase"]
[SourceDate "2012.11.22"]
[SourceVersion "1"]
[SourceVersionDate "2012.11.22"]
[SourceQuality "1"]

1. e4 c5 2. Nf3 d6 3. d4 cxd4 4. Nxd4 Nf6 5. Nc3 a6 6. Bc4 e6 7. 0-0 b5 8. Bb3 Be7 9. Kh1 0-0 10. f4 Qc7 11. f5 e5 12. Nde2 Bb7 13. Ng3 Nbd7 14. Bg5 Rfc8 15. Nh5 b4 16. Nxf6+ Nxf6 17. Bxf6 Bxf6 18. Nd5 Bxd5 19. Bxd5 Rab8 20. Qh5 Rf8 21. Rac1 Qe7 22. Rf3 Bg5 23. Rcf1 Qf6 24. h4 Bd2 25. Rd3 g6 26. Qg4 Bh6 27. Rdf3 Kh8 28. fxg6 Qxg6 29. Qh3 f6 30. Qe6 Bg7 31. Qxd6 Qh6 32. g3 a5 33. Qe6 Qg6 34. Qh3 Rfc8 35. R3f2 Rc7 36. Rg1 Rbc8 37. Rgg2 Bf8 38. Qe6 Be7 39. g4 Re8 40. g5 Bd8 41. Qd6 Qh5 42. gxf6 Qxh4+ 43. Kg1 Rxc2 44. f7 Rc1+ 45. Rf1 Rxf1+ 46. Kxf1 Qh1+ 47. Kf2 Bh4+ 48. Kf3 Qf1+ 49. Ke3 Qc1+ 50. Kd3 Qf1+ 51. Re2 Qd1+ 52. Rd2 Qf3+ 53. Kc2 Rc8+ 54. Bc6 Qxe4+ 55. Kb3 Qf5 56. Qd7 Rf8 57. Rd3 0-1

[Event "Cerdanyola del Valles op-A 29th"]
[Site "Cerdanyola del Valles"]
[Date "2011.10.01"]
[Round "1"]
[White "Gutierrez Sanchez, Daniel"]
[Black "Ruiz Bravo, Alfonso"]
[Result "0-1"]
[WhiteElo "1786"]
[BlackElo "1999"]
[PlyCount "122"]
[EventDate "2011.10.01"]
[EventType "swiss"]
[EventRounds "8"]
[EventCountry "ESP"]
[SourceTitle "EXT 2013"]
[Source "ChessBase"]
[SourceDate "2012.11.22"]
[SourceVersion "1"]
[SourceVersionDate "2012.11.22"]
[SourceQuality "1"]

1. e4 c5 2. d4 cxd4 3. c3 d3 4. Bxd3 Nc6 5. Nf3 d6 6. h3 e6 7. 0-0 Nf6 8. Bg5 Be7 9. Qc2 h6 10. Bh4 0-0 11. Rd1 Qc7 12. Na3 a6 13. Bg3 b5 14. Qe2 Ne5 15. Nxe5 dxe5 16. Nc2 Bb7 17. Nd4 Nd7 18. Bc2 Rfd8 19. Nf3 Bf6 20. Rd2 Nb6 21. Bd3 Rd7 22. Rad1 Rad8 23. Nh2 Bg5 24. Rc2 Nc4 25. h4 Bf4 26. Bxf4 exf4 27. Nf3 Ne5 28. Nxe5 Qxe5 29. f3 Qh5 30. Rcd2 Qxh4 31. Qf2 Qxf2+ 32. Kxf2 Kf8 33. Ke2 Ke7 34. Rh1 e5 35. Rh5 f6 36. Rh1 Kf7 37. Rdd1 Kg6 38. Rh4 h5 39. Bc2 Rxd1 40. Bxd1 Kg5 41. Rh1 g6 42. Bb3 f5 43. exf5 gxf5 44. Bf7 h4 45. Bb3 e4 46. Bc2 e3 47. Bd3 Bd5 48. b3 Rc8 49. Rc1 h3 50. gxh3 Rf8 51. Rg1+ Kf6 52. h4 Rh8 53. Rg5 Be6 54. Rg2 Rxh4 55. c4 bxc4 56. bxc4 Rh1 57. c5 Ra1 58. Bxa6 Rxa2+ 59. Kf1 Rxa6 60. Rc2 Ra1+ 61. Ke2 Bb3 0-1

[Event "Llinars del Valles op-B 5th"]
[Site "Llinars del Valles"]
[Date "2011.05.28"]
[Round "5"]
[White "Ibanez Hidalgo, Alberto"]
[Black "Gutierrez Sanchez, Daniel"]
[Result "1/2-1/2"]
[WhiteElo "1819"]
[BlackElo "1713"]
[PlyCount "144"]
[EventDate "2011.04.30"]
[EventType "swiss"]
[EventRounds "7"]
[EventCountry "ESP"]
[SourceTitle "EXT 2012"]
[Source "ChessBase"]
[SourceDate "2011.11.24"]
[SourceVersion "1"]
[SourceVersionDate "2011.11.24"]
[SourceQuality "1"]

1. d4 Nf6 2. c4 c5 3. d5 b5 4. cxb5 a6 5. bxa6 Bxa6 6. Nc3 g6 7. g3 d6 8. Bg2 Bg7 9. Nf3 0-0 10. 0-0 Nbd7 11. Qc2 Qb6 12. Re1 Rfb8 13. e4 Ng4 14. h3 Nge5 15. Rd1 c4 16. Rb1 Nxf3+ 17. Bxf3 Ne5 18. Be2 Qc7 19. Be3 Nd3 20. Bxd3 cxd3 21. Qd2 Qd7 22. Kg2 h5 23. Bh6 Bh8 24. Rdc1 Ra7 25. b3 Bc8 26. Rh1 Ba6 27. Rbc1 Rc7 28. Na4 Ra7 29. Be3 Rab7 30. Nb2 Bxb2 31. Qxb2 f6 32. f4 Rb4 33. Kf3 e5 34. Qc3 Qe7 35. Qc7 Qf8 36. Rc6 Bb5 37. Rb6 Rxb6 38. Qxb6 f5 39. exf5 e4+ 40. Kf2 Qf6 41. Qb8+ Kh7 42. fxg6+ Kxg6 43. Qg8+ Qg7 44. Qxg7+ Kxg7 45. Rc1 Kf6 46. Rc3 Bd7 47. h4 Rb5 48. Rc7 Ke7 49. f5 Kd8 50. f6 Kxc7 51. f7 Rxd5 52. f8Q Rf5+ 53. Qxf5 Bxf5 54. Bd2 d5 55. Ke3 Kc6 56. Kd4 Bg4 57. a4 Bd1 58. Kc3 Kb6 59. Kb4 d4 60. a5+ Ka6 61. Kc4 e3 62. b4 exd2 63. Kxd3 Kb5 64. Kxd2 Bg4 65. Kd3 Kxb4 66. a6 Bc8 67. a7 Bb7 68. Kxd4 Kb5 69. Ke5 Ka6 70. Kf4 Kxa7 71. g4 hxg4 72. Kxg4 Be4 1/2-1/2

[Event "Cerdanyola del Valles op 28th"]
[Site "Cerdanyola del Valles"]
[Date "2010.10.16"]
[Round "3"]
[White "Valencia Jimenez, Jose"]
[Black "Gutierrez Sanchez, Daniel"]
[Result "1-0"]
[WhiteElo "2075"]
[BlackElo "1684"]
[PlyCount "85"]
[EventDate "2010.10.02"]
[EventType "swiss"]
[EventRounds "7"]
[EventCountry "ESP"]
[SourceTitle "EXT 2012"]
[Source "ChessBase"]
[SourceDate "2011.11.24"]
[SourceVersion "1"]
[SourceVersionDate "2011.11.24"]
[SourceQuality "1"]

1. c4 c5 2. Nc3 Nc6 3. g3 g6 4. Bg2 Bg7 5. Nf3 e5 6. d3 Nf6 7. Bg5 h6 8. Be3 d6 9. Qc1 Be6 10. 0-0 Rc8 11. a3 a5 12. Rb1 b6 13. Nb5 d5 14. Rd1 Qd7 15. Ne1 Nd4 16. Bxd4 cxd4 17. b3 0-0 18. a4 Bh3 19. Bh1 Rfd8 20. e3 Bg4 21. f3 Be6 22. e4 dxe4 23. dxe4 Qe7 24. Nd3 Bd7 25. Qa3 Qxa3 26. Nxa3 Bf8 27. Nc2 Re8 28. f4 exf4 29. e5 fxg3 30. exf6 gxh2+ 31. Kf2 Re6 32. Nxd4 Rxf6+ 33. Kg2 Bc5 34. Ne5 Be8 35. Kxh2 Bd6 36. Re1 Rc5 37. Bd5 Rf4 38. Rbd1 g5 39. Kg2 h5 40. Ndf3 g4 41. Ng5 Rxd5 42. Rxd5 Bxe5 43. Rdxe5 1-0

[Event "Cerdanyola del Valles op 28th"]
[Site "Cerdanyola del Valles"]
[Date "2010.10.09"]
[Round "2"]
[White "Gutierrez Sanchez, Daniel"]
[Black "Rebull Camarasa, Ramon"]
[Result "1/2-1/2"]
[WhiteElo "1684"]
[BlackElo "1857"]
[PlyCount "98"]
[EventDate "2010.10.02"]
[EventType "swiss"]
[EventRounds "7"]
[EventCountry "ESP"]
[SourceTitle "EXT 2012"]
[Source "ChessBase"]
[SourceDate "2011.11.24"]
[SourceVersion "1"]
[SourceVersionDate "2011.11.24"]
[SourceQuality "1"]

1. e4 d5 2. exd5 Nf6 3. d4 Bg4 4. Be2 Bxe2 5. Nxe2 Qxd5 6. 0-0 Nc6 7. Nbc3 Qf5 8. Ng3 Qg6 9. Be3 0-0-0 10. Nce2 e5 11. c3 exd4 12. cxd4 Nd5 13. a3 Bd6 14. Qb3 Rhe8 15. Rac1 f5 16. Qxd5 Bxg3 17. Qf3 Bd6 18. Rfd1 Qf6 19. b4 g5 20. h3 f4 21. b5 Na5 22. Bd2 Nb3 23. Qxb3 Rxe2 24. b6 axb6 25. Qxb6 Kb8 26. Qb5 Re4 27. Rb1 b6 28. Bc3 Qe7 29. a4 Qd7 30. Qd5 Re6 31. a5 Be7 32. Qxd7 Rxd7 33. d5 Red6 34. Bb4 Rxd5 35. Rxd5 Rxd5 36. Bxe7 Rxa5 37. Kf1 h5 38. f3 Re5 39. Re1 Rd5 40. Kf2 c5 41. Rc1 Kc7 42. Rc2 Kc6 43. g3 fxg3+ 44. Kxg3 Re5 45. Bd8 Rf5 46. Rb2 b5 47. Ba5 b4 48. Bxb4 cxb4 49. Rxb4 Kd6 1/2-1/2

[Event "ESP-ch U14"]
[Site "Linares"]
[Date "2010.07.13"]
[Round "1"]
[White "Gutierrez Sanchez, Daniel"]
[Black "Suarez Garcia, Carlos"]
[Result "0-1"]
[WhiteElo "1706"]
[BlackElo "2200"]
[PlyCount "120"]
[EventDate "2010.07.13"]
[EventType "swiss"]
[EventRounds "9"]
[EventCountry "ESP"]
[SourceTitle "CBM 137 Extra"]
[Source "ChessBase"]
[SourceDate "2010.09.01"]
[SourceVersion "1"]
[SourceVersionDate "2010.09.01"]
[SourceQuality "1"]

1. e4 c5 2. Nf3 e6 3. d3 Nc6 4. g3 g6 5. Bg2 Bg7 6. 0-0 Nge7 7. c3 0-0 8. Be3 b6 9. Na3 Ba6 10. Qd2 Rc8 11. Bh6 d5 12. Bxg7 Kxg7 13. e5 b5 14. Nc2 Bb7 15. h4 h5 16. Ng5 Nxe5 17. d4 Nc4 18. Qc1 Nf5 19. Bh3 cxd4 20. Bxf5 exf5 21. Nxd4 Qd7 22. Rb1 Rfe8 23. Qd1 Nd6 24. f3 Nc4 25. Rf2 Qd6 26. f4 Qd7 27. b3 Nd6 28. Qd3 a6 29. Rc2 Ne4 30. Nxe4 Rxe4 31. Kf2 Rce8 32. a4 Bc6 33. a5 Ba8 34. b4 Qc7 35. Rbc1 Qe7 36. Qd2 f6 37. Rd1 Rc8 38. Rdc1 Rc4 39. Rd1 Bb7 40. Rdc1 Qc7 41. Qd3 Bc8 42. Qd2 Qe7 43. Rd1 Rc7 44. Rdc1 Qd6 45. Rd1 Kg8 46. Rf1 Rce7 47. Rd1 Qc7 48. Rdc1 Qa7 49. Qd3 Rg7 50. Re1 g5 51. Rxe4 fxe4 52. Qe3 gxh4 53. gxh4 Rg4 54. Nf5 Rxf4+ 55. Kg3 Qxe3+ 56. Nxe3 Rf3+ 57. Kg2 Rxe3 58. Rd2 Bb7 59. Rf2 Kf7 60. Rc2 f5 0-1